| 000 | 01190naa a22003257a 4500 | ||
|---|---|---|---|
| 001 | BR8700548 | ||
| 003 | BR-BrBNA | ||
| 005 | 20240918175735.0 | ||
| 007 | ta | ||
| 008 | 230509b bl.||||| |||| 00| 0 por d | ||
| 040 |
_aBR-BrBNA _bpor _cBiblioteca Nacional de Agricultura |
||
| 041 | _a(Pt) | ||
| 072 |
_aN20; Q10 _b2120 |
||
| 090 | _aN20 BR8700548 | ||
| 100 | 1 | _aHashizume, H. | |
| 100 | 1 | _aMatiello, J.B. | |
| 100 | 1 | _aOliveira, J.A. | |
| 100 | 1 | _aNogueira, V.S. | |
| 100 | 1 | _aTeixeira, A.A. | |
| 111 | 1 |
_a10. Congresso Brasileiro de Pesquisas Cafeeiras _cPocos de Caldas, MG (Brazil) _d29 Aug 1983 |
|
| 245 | 1 | _aDados preliminares do desempenho de barcacas ventiladas, com fornalhas a fogo direto, na secagem de cafe | |
| 260 | 3 |
_aRio de Janeiro, RJ (Brasil): _c1983. |
|
| 500 | _aAnais do 10. Congresso Brasileiro de Pesquisas Cafeeiras Rio de Janeiro, RJ (Brasil): 1983. p. 292-294 (BR8700548-AM)N20 | ||
| 650 | _aCAFE | ||
| 650 | _aSECAGEM | ||
| 650 | _aSECADOR | ||
| 773 | 0 |
_tAnais do 10. Congresso Brasileiro de Pesquisas Cafeeiras _wN20 BR8700548 _gRio de Janeiro, RJ (Brasil), 1983. p. 292-294 |
|
| 909 |
_a202404 _bLucia _c55 _dLucia Elande |
||
| 942 |
_cAM _2AGRIS |
||
| 999 |
_c317990 _d317990 |
||